Sports Quiz

Random Sports or Soccer Quiz
Score 0/11 Timer 05:00
1 Play Today
Number Player % Correct
14Jordan Henderson
92.6%
27Divock Origi
91.7%
10Philippe Coutinho
91%
18Alberto Moreno
87.8%
17Ragnar Klavan
87.7%
2Nathaniel Clyne
86.3%
32Joel Matip
85.6%
1Loris Karius
82.8%
21Lucas Leiva
80.9%
11Roberto Firmino
74.4%
16Marko Grujic
31.9%
Remove Ads.
Support Sporcle.
Get the best of Sporcle when you Go Orange. This ad-free experience offers more features, more stats, and more fun while also helping to support Sporcle. Thank you for becoming a member.

You're not logged in!

Compare scores with friends on all Sporcle quizzes.
OR
Log In

Show Comments

Extras

Top Quizzes Today


Score Distribution

Your Account Isn't Verified!

In order to create a playlist on Sporcle, you need to verify the email address you used during registration. Go to your Sporcle Settings to finish the process.

Report this User

Report this user for behavior that violates our Community Guidelines.

Details: